BSOP header

Man and sin : (Record no. 23880)

MARC details
000 -LEADER
fixed length control field 00591nam a2200157 4500
008 - FIXED-LENGTH DATA ELEMENTS--GENERAL INFORMATION
fixed length control field 050719s1965 xx 000 0 eng
090 ## - LOCALLY ASSIGNED LC-TYPE CALL NUMBER (OCLC); LOCAL CALL NUMBER (OCLC)
Classification number (OCLC) (R) ; Classification number, CALL (RLIN) (NR) BT715
Local cutter number (OCLC) ; Book number/undivided call number, CALL (RLIN) Sch6
100 1# - MAIN ENTRY--PERSONAL NAME
Personal name Schoonenberg, Peter,
Dates associated with a name 1911-
245 10 - TITLE STATEMENT
Title Man and sin :
Remainder of title a theological view /
Statement of responsibility, etc [by] Piet Schoonenberg. Translated by Joseph Donceel.
260 ## - PUBLICATION, DISTRIBUTION, ETC. (IMPRINT)
Place of publication, distribution, etc [Notre Dame, Ind.] :
Name of publisher, distributor, etc University of Notre Dame Press,
Date of publication, distribution, etc 1965.
300 ## - PHYSICAL DESCRIPTION
Extent ix, 205 p.
Dimensions 21 cm.
500 ## - GENERAL NOTE
General note Translation of De Macht der Zonde.
504 ## - BIBLIOGRAPHY, ETC. NOTE
Bibliography, etc Bibliographical footnotes.
650 #4 - SUBJECT ADDED ENTRY--TOPICAL TERM
Topical term or geographic name as entry element Sin.
951 ## - EQUIVALENCE OR CROSS-REFERENCE-GEOGRAPHIC NAME/AREA NAME [OBSOLETE] [CAN/MARC only]
General subdivision 00014445
951 ## - EQUIVALENCE OR CROSS-REFERENCE-GEOGRAPHIC NAME/AREA NAME [OBSOLETE] [CAN/MARC only]
-- 19032
-- BT715/Sch6
-- 070613111504937
-- 2000-12-21
-- GC
Holdings
Withdrawn status Lost status Damaged status Not for loan Home library Current library Shelving location Date acquired Accession number Shelving control number Total Checkouts Full call number Barcode Date last seen Price effective from Koha item type
        BSOP Library BSOP Library GC 12/21/2000 19032 127   BT715/Sch6 00014445 02/23/2013 02/23/2013 Books
BSOP

Biblical Seminary of the Philippines
  All rights Reserved
  © 2024

CONTACT INFORMATION

Biblical Seminary of the Philippines,
  77-B Karuhatan Road, Valenzuela City,
  PHILIPPINES 1441
  Phone: +632 8292-6795 / 8292-6798
  Fax : +632 8292-6675
  Email: library@bsop.edu.ph